Borussia Mönchengladbach Squad 2021-2022 - Statistics

General Stats
  • This quiz has been taken 54 times
  • The average score is 20 of 30
Answer Stats
# Position Nation Player % Correct
1 GK Switzerland Yann Sommer
100%
14 FW France Alassane Pléa
97%
10 FW France Marcus Thuram
95%
25 DF Algeria Ramy Bensebaini
92%
28 DF Germany Matthias Ginter
87%
36 FW Switzerland Breel Embolo
84%
23 FW Germany Jonas Hofmann
84%
6 MF Germany Christoph Kramer
82%
13 MF Germany Lars Stindl
82%
17 MF France Kouadio Koné
79%
30 DF Switzerland Nico Elvedi
79%
8 MF Switzerland Denis Zakaria
76%
32 MF Germany Florian Neuhaus
76%
29 DF United States Joe Scally
74%
7 FW Germany Patrick Herrmann
71%
18 DF Austria Stefan Lainer
71%
20 DF Germany Luca Netz
68%
5 DF Germany Marvin Friedrich
66%
- Coach Austria Adi Hütter
63%
22 MF Slovakia Lászlo Bénes
61%
21 GK Germany Tobias Sippel
61%
4 DF France Mamadou Doucouré
58%
24 DF Germany Tony Jantschke
53%
11 MF Austria Hannes Wolf
50%
41 GK Germany Jan Olschowsky
39%
15 DF Germany Jordan Beyer
39%
34 FW Ireland Conor Noß
37%
37 MF England Keanan Bennetts
37%
26 MF Germany Torben Müsel
16%
46 GK Germany Jonas Kersken
11%
No matching quizzes found
Score Distribution
Percent of People with Each Score
Percentile by Number Answered
Your Score History
You have not taken this quiz